| 000 | 00361nam a2200145 a 4500 | ||
|---|---|---|---|
| 001 | 32219 | ||
| 005 | 20180713235756.0 | ||
| 008 | 140415s1980 mx 000 0 spa d | ||
| 041 | _aspa | ||
| 082 |
_a370.15 _bKELL |
||
| 245 | 0 | 0 | _aPSICOLOGIA EDUCACIONAL |
| 250 | _a1a ed. | ||
| 260 |
_aMEXICO : _bPAIDOS, _c1980 |
||
| 300 |
_a347 _c16 x 16 x 23 |
||
| 999 |
_c32219 _d32219 |
||